Loading...

Tourism marketing and travel agency business/

Bibliographic Details
Main Author: Arpitha Mathur
Format: Printed Book
Published: New Delhi: Ane Books, 2016.
Subjects:
LEADER 00522nam a22001457a 4500
999 |c 291779  |d 291779 
020 |a 9789381162767 
082 |a S 338.4791T&T   |b ARP 
100 |a Arpitha Mathur 
245 |a Tourism marketing and travel agency business/   |c Arpitha Mathur 
260 |a New Delhi:  |b Ane Books,  |c 2016. 
300 |a 236 pages. 
650 |a Travel and tourism 
942 |c BK 
952 |0 0  |1 0  |4 0  |6 S_338_000000000000000_4791TT_ARP  |7 0  |9 310450  |a IMK  |b IMK  |d 2020-06-12  |g 195.00  |l 0  |o S 338.4791T&T ARP  |p IMK16201  |r 2020-06-12  |w 2020-06-12  |y BK